000 01204nam a22002535i 4500
001 164267
003 ES-MaACL
005 20230906212914.0
008 991215s1781 sp a |||| | spa d
040 _aCCPB | B
_bspa
_cCCPB | B
100 1 _aSáenz Diez, Martín Diego.
_9132995
245 1 0 _aManual de joyeros, con la teorica y practica para con brevedad sacar la cuenta del valor en que se venden, y compran los diamantes, y demas piedras preciosas, y tambien el oro y la plata /
_csu autor Don Martin Diego Saenz Diez,.
260 _aEn Madrid :
_bpor D. Antonio de Sancha, ...,
_c1781.
300 _aLVI, 711, [1] p., [1] h. de grab. ;
_c8º.
530 _aDisponible en formato digital.
597 _aSign.: a-c8, d4, A-Z8, Aa-Xx8, Yy4.
597 _aPort. con grab. calc.: "De la Cruz, sculp."
599 _aLa h. de grab. es calc.: "De la Cruz sculp."
650 4 _aJoyería-
_yS.XVIII.
_9159044
650 4 _aJoyas-
_xPeritaje.
_9159045
650 4 _aMetales preciosos.
_9159046
852 _aES-MaACL
_jR-955
_z-- Enc. pasta española
_q-- Falto de las pp. XLIX-LVI
_x-- Olim: G-7612
856 _uhttp://bdh-rd.bne.es/viewer.vm?id=0000115693&page=1
_zBiblioteca Digital Hispánica
999 _c164267
_d164267